[Event "Paris Apsap op 71st"]
[Site "Paris"]
[Date "2004.04.25"]
[Round "9"]
[White "Lavergne, Henri Jean"]
[Black "Louvrier Saint Mary, Jean Roger"]
[Result "1-0"]
[WhiteElo "2000"]
[BlackElo "1960"]
[PlyCount "29"]
[EventDate "2004.04.19"]
[EventType "swiss"]
[EventRounds "7"]
[EventCountry "FRA"]
[SourceTitle "CBM 100 Extra"]
[Source "ChessBase"]
[SourceDate "2004.07.06"]
[SourceVersion "2"]
[SourceVersionDate "2004.07.06"]
[SourceQuality "1"]

1. c4 Nf6 2. g3 e5 3. Bg2 Nc6 4. Nc3 Bc5 5. a3 a5 6. e3 d6 7. Nge2 Bg4 8. h3 Be6 9. d4 exd4 10. exd4 Nxd4 11. Nxd4 Bxc4 12. Qa4+ b5 13. Ncxb5 d5 14. Nxc7+ Kf8 15. Nde6+ 1-0

[Event "Paris Apsap op 53rd"]
[Site "Paris"]
[Date "2002.??.??"]
[Round "2"]
[White "Pira, Davoud"]
[Black "Lavergne, Henri Jean"]
[Result "1-0"]
[WhiteElo "2434"]
[BlackElo "2031"]
[PlyCount "43"]
[EventDate "2002.??.??"]
[EventType "swiss"]
[EventRounds "9"]
[EventCountry "FRA"]
[SourceTitle "EXT 2003"]
[Source "ChessBase"]
[SourceDate "2002.11.25"]
[SourceVersion "1"]
[SourceVersionDate "2002.11.25"]
[SourceQuality "1"]

1. d4 Nc6 2. Bf4 d6 3. Nf3 f6 4. d5 Ne5 5. e4 e6 6. Bb5+ Bd7 7. Bxd7+ Qxd7 8. Nd4 exd5 9. exd5 0-0-0 10. 0-0 g5 11. Be3 h5 12. Nc3 Nc4 13. Qe2 Nb6 14. a4 Ne7 15. Qf3 Bg7 16. a5 Nc4 17. Ne6 Rdg8 18. Bxa7 c5 19. Bb6 g4 20. Qe2 Ne5 21. a6 Nxd5 22. a7 1-0

[Event "FRA-ch op-A"]
[Site "Vichy"]
[Date "2000.08.23"]
[Round "7"]
[White "Renard, Stephane"]
[Black "Lavergne, Henri Jean"]
[Result "1/2-1/2"]
[WhiteElo "1980"]
[BlackElo "2063"]
[PlyCount "60"]
[EventDate "2000.08.16"]
[EventType "swiss"]
[EventRounds "11"]
[EventCountry "FRA"]
[SourceTitle "EXT 2020"]
[Source "ChessBase"]
[SourceDate "2019.10.17"]
[SourceVersion "1"]
[SourceVersionDate "2019.10.17"]
[SourceQuality "1"]

1. e4 e5 2. f4 d5 3. exd5 e4 4. d3 Nf6 5. dxe4 Nxe4 6. Be3 Qh4+ 7. g3 Nxg3 8. Nf3 Qe7 9. hxg3 Qxe3+ 10. Qe2 Bc5 11. Nc3 Nd7 12. Nb5 Qxe2+ 13. Bxe2 Bd6 14. Ng5 Nf6 15. Nxd6+ cxd6 16. Bb5+ Bd7 17. Bxd7+ Kxd7 18. 0-0-0 Raf8 19. Rhe1 h6 20. Ne4 Nxe4 21. Rxe4 Re8 22. Ra4 a6 23. Rb4 Kc7 24. Rd3 Re7 25. Rc3+ Kb8 26. Rc6 Rhe8 27. Rxd6 Re1+ 28. Kd2 R1e2+ 29. Kd1 Re1+ 30. Kd2 R1e2+ 1/2-1/2

[Event "Syre Memorial op 17th"]
[Site "Issy les Moulineaux"]
[Date "1994.??.??"]
[Round "4"]
[White "Lavergne, Henri Jean"]
[Black "Scoatarin, Jean"]
[Result "0-1"]
[WhiteElo "1710"]
[BlackElo "2050"]
[PlyCount "63"]
[EventDate "1994.05.??"]
[EventType "swiss"]
[EventRounds "6"]
[EventCountry "FRA"]
[SourceTitle "EXT 2004"]
[Source "ChessBase"]
[SourceDate "2003.11.25"]
[SourceVersion "1"]
[SourceVersionDate "2003.11.25"]
[SourceQuality "1"]

1. c4 Nf6 2. g3 g6 3. Bg2 Bg7 4. Nc3 0-0 5. e4 d6 6. Nge2 e5 7. 0-0 Nc6 8. d3 Bd7 9. h3 a6 10. f4 Nd4 11. Nxd4 exd4 12. Ne2 c5 13. f5 Rb8 14. Bf4 Bc6 15. g4 Ne8 16. Qd2 b5 17. b3 bxc4 18. bxc4 Rb4 19. a3 Rb7 20. Rfb1 Rxb1+ 21. Rxb1 h5 22. g5 Be5 23. f6 Bd7 24. Qb2 Ba4 25. Qb6 Qc8 26. Qb7 Nc7 27. Qxc8 Rxc8 28. Bxe5 dxe5 29. Nc1 Ne6 30. Rb2 Nxg5 31. h4 Nh7 32. Bh3 0-1

[Event "Paris op-1"]
[Site "Paris"]
[Date "1989.??.??"]
[Round "?"]
[White "Herouredan, N."]
[Black "Lavergne, Henri Jean"]
[Result "1-0"]
[WhiteElo "1910"]
[BlackElo "1760"]
[PlyCount "53"]
[EventDate "1989.??.??"]
[EventType "swiss"]
[EventRounds "9"]
[EventCountry "FRA"]
[SourceTitle "TD"]
[Source "ChessBase"]
[SourceDate "1994.03.01"]
[SourceVersion "1"]
[SourceVersionDate "1994.03.01"]
[SourceQuality "1"]

1. e4 e5 2. Nf3 Nf6 3. Nxe5 d6 4. Nf3 Nxe4 5. d4 d5 6. Bd3 Be7 7. 0-0 Bg4 8. c4 Nf6 9. Qa4+ Nbd7 10. Ne5 Be6 11. Nc3 dxc4 12. Nxc4 c6 13. Ne3 Nb6 14. Qd1 Qxd4 15. Qc2 0-0 16. Nf5 Bxf5 17. Bxf5 Qd6 18. Be3 Nbd5 19. Nxd5 cxd5 20. Rfd1 g6 21. Bh3 Rfd8 22. Rac1 Bf8 23. g3 Bg7 24. Qb3 b6 25. Bf4 Qf8 26. Rc7 d4 27. Rxf7 1-0

[Event "Val Maubuee op"]
[Site "Val Maubuee"]
[Date "1989.??.??"]
[Round "?"]
[White "Svaton, Frederic"]
[Black "Lavergne, Henri Jean"]
[Result "1/2-1/2"]
[WhiteElo "1700"]
[BlackElo "1970"]
[PlyCount "93"]
[EventDate "1989.04.??"]
[EventType "swiss"]
[EventRounds "9"]
[EventCountry "FRA"]
[SourceTitle "TD"]
[Source "ChessBase"]
[SourceDate "1994.03.01"]
[SourceVersion "1"]
[SourceVersionDate "1994.03.01"]
[SourceQuality "1"]

1. d4 d5 2. c4 e6 3. Nc3 Nf6 4. cxd5 exd5 5. Bg5 Be7 6. e3 0-0 7. Bd3 h6 8. Bh4 c6 9. Qc2 Na6 10. a3 Nc7 11. Nf3 Be6 12. 0-0 Nd7 13. Bxe7 Qxe7 14. b4 Ne8 15. Na4 Nd6 16. Nd2 b5 17. Nc5 Nxc5 18. Qxc5 Qd7 19. Qc2 Bf5 20. Bxf5 Nxf5 21. Nb3 Nd6 22. Nc5 Qc7 23. Ra2 Nc4 24. Rfa1 a5 25. Qd1 a4 26. Rc2 Rae8 27. Qf3 f5 28. g3 g5 29. Nd3 Kh7 30. Kf1 Qe7 31. Kg1 Qe4 32. Qxe4 fxe4 33. Ne1 Rf6 34. Ng2 Ref8 35. Raa2 h5 36. Re2 Kg6 37. h3 R8f7 38. Kh2 Rh7 39. Kg1 Kh6 40. Kh2 Rh8 41. Kg1 Rhf8 42. Ne1 h4 43. g4 Rh8 44. Kg2 Kg7 45. Kg1 Rfh6 46. Kg2 Nd6 47. Rac2 1/2-1/2